[Event "Greek Team Cup Final 8"]
[Site "chess24.com"]
[Date "2018.07.08"]
[Round "2"]
[White "Dounis, Alexandros"]
[Black "Goumas, Georgios"]
[Result "1-0"]
[Board "3"]
[WhiteElo "2258"]
[WhiteCountry "GRE"]
[WhiteFideId "4213238"]
[WhiteEloChange "13"]
[BlackTitle "FM"]
[BlackElo "2384"]
[BlackCountry "GRE"]
[BlackFideId "4208935"]
[BlackEloChange "-13"]

1. Nf3 {[%clk 1:30:53]} c5 {[%clk 1:30:41]} 2. g3 {[%clk 1:31:08]} g6 {[%clk
1:30:52]} 3. Bg2 {[%clk 1:30:59]} Bg7 {[%clk 1:31:17]} 4. d4 {[%clk 1:31:23]}
cxd4 {[%clk 1:31:44]} 5. Nxd4 {[%clk 1:31:50]} Nc6 {[%clk 1:32:11]} 6. Nxc6
{[%clk 1:31:54]} bxc6 {[%clk 1:32:39]} 7. O-O {[%clk 1:31:50]} Rb8 {[%clk
1:32:13]} 8. Nd2 {[%clk 1:32:04]} Nf6 {[%clk 1:32:03]} 9. Nb3 {[%clk 1:29:33]}
Qc7 {[%clk 1:30:06]} 10. Bd2 {[%clk 1:27:11]} O-O {[%clk 1:29:01]} 11. Ba5 {[%clk
1:24:30]} Qb7 {[%clk 1:29:14]} 12. Bc3 {[%clk 1:24:01]} Qc7 {[%clk 1:26:58]} 13.
e4 {[%clk 1:22:02]} d6 {[%clk 1:26:52]} 14. Qd2 {[%clk 1:09:48]} Bb7 {[%clk
1:18:05]} 15. Rfe1 {[%clk 1:02:59]} Nh5 {[%clk 1:12:11]} 16. Bxg7 {[%clk
1:01:31]} Nxg7 {[%clk 1:12:32]} 17. e5 {[%clk 1:00:31]} c5 {[%clk 1:12:04]} 18.
exd6 {[%clk 0:57:48]} exd6 {[%clk 1:12:05]} 19. Bxb7 {[%clk 0:47:08]} Rxb7 {[%clk
1:12:14]} 20. c4 {[%clk 0:39:02]} Nf5 {[%clk 1:09:45]} 21. Re4 {[%clk 0:38:23]}
a5 {[%clk 1:08:22]} 22. Nxa5 {[%clk 0:35:22]} Rb4 {[%clk 1:06:48]} 23. Nb3 {[%clk
0:34:50]} Ra8 {[%clk 1:06:43]} 24. Rae1 {[%clk 0:33:41]} Rbb8 {[%clk 1:05:52]}
25. Qf4 {[%clk 0:28:00]} Rf8 {[%clk 1:02:19]} 26. g4 {[%clk 0:22:02]} Ng7 {[%clk
1:02:14]} 27. Re7 {[%clk 0:14:49]} Qd8 {[%clk 1:01:32]} 28. Qh6 {[%clk 0:08:28]}
Rxa2 {[%clk 0:59:51]} 29. R1e3 {[%clk 0:07:37]} Qc8 {[%clk 0:54:41]} 30. R7e4
{[%clk 0:04:25]} Re8 {[%clk 0:54:29]} 31. Rh3 {[%clk 0:03:40]} Nh5 {[%clk
0:54:22]} 32. Rxe8+ {[%clk 0:03:16]} Qxe8 {[%clk 0:54:50]} 33. Re3 {[%clk
0:03:07]} Qa8 {[%clk 0:55:14]} 34. gxh5 {[%clk 0:02:50]} Rxb2 {[%clk 0:55:41]}
35. Nc1 {[%clk 0:02:50]} Rb1 {[%clk 0:56:05]} 36. Re1 {[%clk 0:03:00]} Qc8 {[%clk
0:56:30]} 37. Qg5 {[%clk 0:02:59]} d5 {[%clk 0:56:51]} 38. cxd5 {[%clk 0:02:45]}
h6 {[%clk 0:57:16]} 39. Qg3 {[%clk 0:02:33]} Rb4 {[%clk 0:57:40]} 40. h3 {[%clk
0:32:22]} 1-0

[Event "Greek Team Cup Final 8"]
[Site "chess24.com"]
[Date "2018.07.08"]
[Round "2"]
[White "Michelakos, Panagiotis"]
[Black "Nikolakopoulos, Nikolaos"]
[Result "1-0"]
[Board "4"]
[WhiteElo "2244"]
[WhiteCountry "GRE"]
[WhiteFideId "4216067"]
[WhiteEloChange "2"]
[BlackElo "1858"]
[BlackCountry "GRE"]
[BlackFideId "4219759"]
[BlackEloChange "-2"]

1. e4 {[%clk 1:30:03]} c5 {[%clk 1:30:48]} 2. Nf3 {[%clk 1:30:20]} g6 {[%clk
1:30:32]} 3. d4 {[%clk 1:29:08]} cxd4 {[%clk 1:30:54]} 4. Nxd4 {[%clk 1:29:13]}
Bg7 {[%clk 1:31:06]} 5. c4 {[%clk 1:28:30]} Nc6 {[%clk 1:31:23]} 6. Be3 {[%clk
1:28:39]} Nf6 {[%clk 1:31:12]} 7. Nc3 {[%clk 1:28:59]} d6 {[%clk 1:31:15]} 8. Be2
{[%clk 1:28:35]} O-O {[%clk 1:31:28]} 9. O-O {[%clk 1:28:49]} Bd7 {[%clk
1:31:21]} 10. Qd2 {[%clk 1:27:49]} Nxd4 {[%clk 1:31:39]} 11. Bxd4 {[%clk
1:28:10]} Bc6 {[%clk 1:32:03]} 12. f3 {[%clk 1:28:04]} a5 {[%clk 1:32:23]} 13. b3
{[%clk 1:27:22]} Nd7 {[%clk 1:32:43]} 14. Be3 {[%clk 1:11:31]} Nc5 {[%clk
1:32:48]} 15. Rab1 {[%clk 1:11:29]} e6 {[%clk 1:24:16]} 16. Rfd1 {[%clk 1:09:59]}
Be5 {[%clk 1:24:29]} 17. Bf2 {[%clk 0:56:03]} Qe7 {[%clk 1:22:02]} 18. Nb5 {[%clk
0:56:15]} Rfd8 {[%clk 1:18:44]} 19. Qe3 {[%clk 0:56:15]} Qf6 {[%clk 1:06:07]} 20.
g3 {[%clk 0:52:38]} Bxb5 {[%clk 0:58:26]} 21. cxb5 {[%clk 0:53:00]} g5 {[%clk
0:58:32]} 22. Rbc1 {[%clk 0:51:16]} Rac8 {[%clk 0:48:53]} 23. b6 {[%clk 0:47:08]}
Qe7 {[%clk 0:19:55]} 24. f4 {[%clk 0:44:41]} gxf4 {[%clk 0:19:03]} 25. gxf4
{[%clk 0:45:05]} Bf6 {[%clk 0:19:29]} 26. e5 {[%clk 0:44:23]} dxe5 {[%clk
0:15:26]} 27. Rxd8+ {[%clk 0:42:23]} Qxd8 {[%clk 0:15:04]} 28. Rxc5 {[%clk
0:42:46]} Rxc5 {[%clk 0:13:40]} 29. Qxc5 {[%clk 0:43:07]} exf4 {[%clk 0:13:50]}
30. Bf3 {[%clk 0:43:29]} Kg7 {[%clk 0:12:11]} 31. Kg2 {[%clk 0:41:24]} Qd7 {[%clk
0:07:52]} 32. Qxa5 {[%clk 0:40:28]} Qd3 {[%clk 0:07:09]} 33. Qe1 {[%clk 0:37:54]}
Qc2 {[%clk 0:04:21]} 34. Qe4 {[%clk 0:36:15]} Qxa2 {[%clk 0:04:01]} 35. Qxf4
{[%clk 0:36:36]} Qxb3 {[%clk 0:01:48]} 36. Bxb7 {[%clk 0:36:00]} Qb5 {[%clk
0:01:13]} 37. Bf3 {[%clk 0:36:09]} Be5 {[%clk 0:00:42]} 38. Qg5+ {[%clk 0:35:12]}
Kf8 {[%clk 0:00:35]} 39. b7 {[%clk 0:35:29]} Qb2 {[%clk 0:00:40]} 40. h4 {[%clk
1:01:41]} f6 {[%clk 0:30:55]} 41. Qh6+ {[%clk 1:01:27]} 1-0

[Event "Greek Team Cup Final 8"]
[Site "chess24.com"]
[Date "2018.07.08"]
[Round "2"]
[White "Saric, Ivan"]
[Black "Zawadzka, Jolanta"]
[Result "1-0"]
[Board "1"]
[WhiteTitle "GM"]
[WhiteElo "2689"]
[WhiteCountry "CRO"]
[WhiteFideId "14508150"]
[WhiteEloChange "2"]
[BlackTitle "WGM"]
[BlackElo "2439"]
[BlackCountry "POL"]
[BlackFideId "1122320"]
[BlackEloChange "-2"]

1. e4 {[%clk 1:30:30]} e5 {[%clk 1:26:08]} 2. Nf3 {[%clk 1:31:27]} Nc6 {[%clk
1:26:31]} 3. Bb5 {[%clk 1:31:54]} a6 {[%clk 1:26:47]} 4. Ba4 {[%clk 1:32:17]} Nf6
{[%clk 1:27:10]} 5. O-O {[%clk 1:32:38]} b5 {[%clk 1:27:26]} 6. Bb3 {[%clk
1:33:03]} Bc5 {[%clk 1:27:50]} 7. c3 {[%clk 1:33:28]} d6 {[%clk 1:28:15]} 8. d4
{[%clk 1:33:55]} Bb6 {[%clk 1:28:37]} 9. a4 {[%clk 1:34:19]} Bb7 {[%clk 1:28:54]}
10. Re1 {[%clk 1:33:35]} h6 {[%clk 1:27:14]} 11. Be3 {[%clk 1:33:56]} O-O {[%clk
1:17:10]} 12. d5 {[%clk 1:34:14]} Ne7 {[%clk 1:16:18]} 13. Bxb6 {[%clk 1:34:33]}
cxb6 {[%clk 1:16:44]} 14. axb5 {[%clk 1:33:54]} axb5 {[%clk 1:16:45]} 15. Rxa8
{[%clk 1:31:10]} Qxa8 {[%clk 1:17:01]} 16. Na3 {[%clk 1:31:29]} Ba6 {[%clk
1:13:13]} 17. Bc2 {[%clk 1:31:09]} Ne8 {[%clk 1:09:50]} 18. Bd3 {[%clk 1:29:36]}
f5 {[%clk 0:59:46]} 19. exf5 {[%clk 1:29:09]} b4 {[%clk 0:59:46]} 20. cxb4 {[%clk
1:17:29]} Bxd3 {[%clk 0:52:33]} 21. Qxd3 {[%clk 1:17:55]} Qxd5 {[%clk 0:50:07]}
22. Qxd5+ {[%clk 1:07:24]} Nxd5 {[%clk 0:50:29]} 23. Nh4 {[%clk 1:07:36]} Nef6
{[%clk 0:36:54]} 24. Nc4 {[%clk 1:06:17]} Nxb4 {[%clk 0:21:06]} 25. Rd1 {[%clk
0:58:52]} Ra8 {[%clk 0:12:15]} 26. h3 {[%clk 0:56:12]} Ne8 {[%clk 0:11:56]} 27.
Rd2 {[%clk 0:53:47]} e4 {[%clk 0:07:24]} 28. Nxd6 {[%clk 0:53:42]} Nf6 {[%clk
0:07:00]} 29. Ng6 {[%clk 0:53:19]} Nd3 {[%clk 0:06:15]} 30. Kh2 {[%clk 0:52:32]}
Rd8 {[%clk 0:04:21]} 31. Nc4 {[%clk 0:52:14]} Rd4 {[%clk 0:02:45]} 32. Nxb6
{[%clk 0:50:35]} Rb4 {[%clk 0:03:06]} 33. Rc2 {[%clk 0:50:58]} Ne8 {[%clk
0:03:13]} 34. Rc8 {[%clk 0:50:27]} Kf7 {[%clk 0:03:37]} 35. Nd5 {[%clk 0:50:08]}
Rb7 {[%clk 0:02:51]} 36. Nh8+ {[%clk 0:44:28]} Kf8 {[%clk 0:03:16]} 37. f6 {[%clk
0:44:51]} Ne5 {[%clk 0:01:05]} 38. f7 {[%clk 0:45:03]} 1-0

[Event "Greek Team Cup Final 8"]
[Site "chess24.com"]
[Date "2018.07.08"]
[Round "2"]
[White "Mastrovasilis, Dimitrios"]
[Black "Pavlidis, Antonios"]
[Result "1/2-1/2"]
[Board "2"]
[WhiteTitle "GM"]
[WhiteElo "2580"]
[WhiteCountry "GRE"]
[WhiteFideId "4202694"]
[BlackTitle "GM"]
[BlackElo "2564"]
[BlackCountry "GRE"]
[BlackFideId "4212312"]

1. e4 {[%clk 1:26:02]} c5 {[%clk 1:30:55]} 2. Nf3 {[%clk 1:26:11]} e6 {[%clk
1:31:21]} 3. d4 {[%clk 1:25:58]} cxd4 {[%clk 1:31:46]} 4. Nxd4 {[%clk 1:26:19]}
Nc6 {[%clk 1:32:11]} 5. Nc3 {[%clk 1:25:52]} Qc7 {[%clk 1:32:36]} 6. Be2 {[%clk
1:26:09]} a6 {[%clk 1:33:00]} 7. O-O {[%clk 1:26:21]} Nf6 {[%clk 1:33:26]} 8. Be3
{[%clk 1:26:01]} Bb4 {[%clk 1:33:52]} 9. Nxc6 {[%clk 1:24:32]} bxc6 {[%clk
1:34:18]} 10. Qd4 {[%clk 1:24:46]} c5 {[%clk 1:32:20]} 11. Qc4 {[%clk 1:25:04]}
O-O {[%clk 1:32:03]} 12. Na4 {[%clk 1:23:56]} a5 {[%clk 1:28:37]} 13. Qb3 {[%clk
1:22:58]} d5 {[%clk 1:28:45]} 14. exd5 {[%clk 1:11:18]} exd5 {[%clk 1:28:49]} 15.
c4 {[%clk 1:10:35]} Bg4 {[%clk 1:29:14]} 16. Bd1 {[%clk 1:05:04]} dxc4 {[%clk
1:28:38]} 17. Qxc4 {[%clk 0:58:28]} Be6 {[%clk 1:28:38]} 18. Qh4 {[%clk 0:37:32]}
c4 {[%clk 1:25:12]} 19. Bc2 {[%clk 0:32:19]} Be7 {[%clk 1:20:37]} 20. Rfd1 {[%clk
0:32:20]} h6 {[%clk 1:14:26]} 21. Qg3 {[%clk 0:29:37]} Qxg3 {[%clk 1:06:53]} 22.
hxg3 {[%clk 0:29:58]} Rfb8 {[%clk 0:58:36]} 23. Rab1 {[%clk 0:18:13]} Rb5 {[%clk
0:58:09]} 24. Nc3 {[%clk 0:17:45]} Rb4 {[%clk 0:57:44]} 25. a3 {[%clk 0:17:09]}
Rb7 {[%clk 0:56:35]} 26. Ba4 {[%clk 0:14:30]} Bf5 {[%clk 0:50:45]} 27. Bc6 {[%clk
0:14:23]} Bxb1 {[%clk 0:51:08]} 28. Bxb7 {[%clk 0:09:49]} Rb8 {[%clk 0:51:31]}
29. Nxb1 {[%clk 0:08:57]} Rxb7 {[%clk 0:51:40]} 30. Nd2 {[%clk 0:09:10]} Rxb2
{[%clk 0:47:06]} 31. Nxc4 {[%clk 0:09:18]} Ra2 {[%clk 0:46:16]} 32. Nxa5 {[%clk
0:09:11]} 1/2-1/2

[Event "Greek Team Cup Final 8"]
[Site "chess24.com"]
[Date "2018.07.08"]
[Round "2"]
[White "Papaioannou, Ioannis"]
[Black "Mastrovasilis, Athanasios"]
[Result "1-0"]
[Board "3"]
[WhiteTitle "GM"]
[WhiteElo "2647"]
[WhiteCountry "GRE"]
[WhiteFideId "4201345"]
[WhiteEloChange "3"]
[BlackTitle "GM"]
[BlackElo "2497"]
[BlackCountry "GRE"]
[BlackFideId "4201990"]
[BlackEloChange "-3"]

1. d4 {[%clk 1:30:30]} Nf6 {[%clk 1:25:38]} 2. Nf3 {[%clk 1:31:08]} d5 {[%clk
1:25:33]} 3. c4 {[%clk 1:31:27]} e6 {[%clk 1:25:46]} 4. g3 {[%clk 1:31:46]} dxc4
{[%clk 1:25:54]} 5. Bg2 {[%clk 1:32:06]} Bd7 {[%clk 1:26:11]} 6. Nbd2 {[%clk
1:32:10]} Bc6 {[%clk 1:26:19]} 7. Nxc4 {[%clk 1:32:22]} Bd5 {[%clk 1:26:33]} 8.
Nce5 {[%clk 1:32:13]} Bb4+ {[%clk 1:22:27]} 9. Bd2 {[%clk 1:32:27]} Bxd2+ {[%clk
1:22:43]} 10. Qxd2 {[%clk 1:32:51]} O-O {[%clk 1:22:57]} 11. O-O {[%clk 1:32:48]}
Nbd7 {[%clk 1:22:38]} 12. Rfd1 {[%clk 1:29:14]} c6 {[%clk 1:10:31]} 13. Qf4
{[%clk 1:25:19]} Nh5 {[%clk 0:53:01]} 14. Qh4 {[%clk 1:25:19]} Bxf3 {[%clk
0:43:57]} 15. Qxd8 {[%clk 1:16:22]} Rfxd8 {[%clk 0:43:47]} 16. Bxf3 {[%clk
1:13:05]} Nhf6 {[%clk 0:43:53]} 17. Nc4 {[%clk 1:12:34]} a5 {[%clk 0:39:56]} 18.
Rac1 {[%clk 1:09:11]} Ra6 {[%clk 0:33:53]} 19. e3 {[%clk 1:08:38]} Nb6 {[%clk
0:30:09]} 20. Ne5 {[%clk 1:08:15]} Nfd7 {[%clk 0:30:16]} 21. Nd3 {[%clk 1:07:11]}
Raa8 {[%clk 0:29:32]} 22. h4 {[%clk 1:05:28]} Kf8 {[%clk 0:27:49]} 23. Kg2 {[%clk
1:04:56]} Ke7 {[%clk 0:26:11]} 24. g4 {[%clk 1:04:26]} h6 {[%clk 0:24:26]} 25.
Kg3 {[%clk 1:02:22]} Nd5 {[%clk 0:18:08]} 26. a3 {[%clk 1:02:29]} a4 {[%clk
0:17:02]} 27. Kg2 {[%clk 1:00:13]} g5 {[%clk 0:15:43]} 28. Rh1 {[%clk 0:59:42]}
Rg8 {[%clk 0:15:15]} 29. hxg5 {[%clk 0:57:53]} hxg5 {[%clk 0:15:41]} 30. Rh5
{[%clk 0:56:31]} N5f6 {[%clk 0:13:46]} 31. Rh6 {[%clk 0:56:39]} Rh8 {[%clk
0:07:00]} 32. Rxh8 {[%clk 0:55:43]} Rxh8 {[%clk 0:07:28]} 33. Nc5 {[%clk
0:54:45]} Nxc5 {[%clk 0:06:39]} 34. Rxc5 {[%clk 0:55:10]} Nd5 {[%clk 0:06:45]}
35. Ra5 {[%clk 0:55:10]} b5 {[%clk 0:04:15]} 36. Ra7+ {[%clk 0:55:27]} Kf6 {[%clk
0:04:23]} 37. Bxd5 {[%clk 0:54:40]} cxd5 {[%clk 0:04:42]} 38. Rb7 {[%clk
0:55:04]} Rc8 {[%clk 0:04:24]} 39. Rxb5 {[%clk 0:55:15]} Rc2 {[%clk 0:04:23]} 40.
Rb4 {[%clk 1:23:32]} Kg6 {[%clk 0:33:46]} 41. Rxa4 {[%clk 1:23:18]} Rxb2 {[%clk
0:32:12]} 42. Ra6 {[%clk 1:23:40]} Ra2 {[%clk 0:32:23]} 43. a4 {[%clk 1:23:58]}
Kf6 {[%clk 0:19:32]} 44. a5 {[%clk 1:23:44]} Kg7 {[%clk 0:13:42]} 45. Ra7 {[%clk
1:23:16]} Kg6 {[%clk 0:13:52]} 46. a6 {[%clk 1:23:18]} Kf6 {[%clk 0:12:40]} 47.
Ra8 {[%clk 1:23:09]} Ke7 {[%clk 0:07:48]} 48. a7 {[%clk 1:23:07]} Kf6 {[%clk
0:08:08]} 49. Kf1 {[%clk 1:23:26]} Kg7 {[%clk 0:07:57]} 50. Ke1 {[%clk 1:23:44]}
Kf6 {[%clk 0:07:42]} 51. Kd1 {[%clk 1:23:56]} Ke7 {[%clk 0:06:51]} 52. Kc1 {[%clk
1:23:57]} Kf6 {[%clk 0:06:39]} 53. f3 {[%clk 1:24:06]} Ke7 {[%clk 0:06:20]} 54.
e4 {[%clk 1:22:21]} Kf6 {[%clk 0:05:49]} 55. exd5 {[%clk 1:22:19]} exd5 {[%clk
0:06:15]} 56. Kb1 {[%clk 1:22:21]} Ra6 {[%clk 0:05:18]} 57. Kb2 {[%clk 1:22:45]}
Ke7 {[%clk 0:03:53]} 58. Kb3 {[%clk 1:23:01]} Ra1 {[%clk 0:03:57]} 59. Kb4 {[%clk
1:23:22]} Ra2 {[%clk 0:03:19]} 60. Kc5 {[%clk 1:23:45]} 1-0

[Event "Greek Team Cup Final 8"]
[Site "chess24.com"]
[Date "2018.07.08"]
[Round "2"]
[White "Malikentzos, Sotirios"]
[Black "Papadopoulos, Ioannis K."]
[Result "1/2-1/2"]
[Board "4"]
[WhiteTitle "IM"]
[WhiteElo "2420"]
[WhiteCountry "GRE"]
[WhiteFideId "4215079"]
[BlackTitle "GM"]
[BlackElo "2410"]
[BlackCountry "GRE"]
[BlackFideId "4207742"]

1. Nf3 {[%clk 1:25:40]} Nf6 {[%clk 1:30:50]} 2. g3 {[%clk 1:26:04]} d5 {[%clk
1:28:44]} 3. Bg2 {[%clk 1:26:23]} c6 {[%clk 1:28:37]} 4. O-O {[%clk 1:26:46]} Bg4
{[%clk 1:28:32]} 5. h3 {[%clk 1:27:10]} Bxf3 {[%clk 1:27:01]} 6. Bxf3 {[%clk
1:27:30]} Nbd7 {[%clk 1:25:59]} 7. d3 {[%clk 1:27:52]} e5 {[%clk 1:22:42]} 8. e4
{[%clk 1:28:16]} dxe4 {[%clk 1:18:16]} 9. dxe4 {[%clk 1:28:36]} Nc5 {[%clk
1:14:51]} 10. Qe2 {[%clk 1:28:57]} Qc7 {[%clk 1:14:07]} 11. a4 {[%clk 1:27:04]}
Be7 {[%clk 1:09:22]} 12. Nd2 {[%clk 1:27:19]} Ne6 {[%clk 1:07:49]} 13. Nb3 {[%clk
1:22:04]} h5 {[%clk 0:53:19]} 14. h4 {[%clk 1:20:45]} O-O-O {[%clk 0:50:47]} 15.
Bg2 {[%clk 1:18:28]} Kb8 {[%clk 0:37:24]} 16. Bh3 {[%clk 1:14:13]} Nd4 {[%clk
0:36:54]} 17. Nxd4 {[%clk 1:13:42]} Rxd4 {[%clk 0:37:16]} 18. Be3 {[%clk
1:12:58]} Rdd8 {[%clk 0:31:14]} 19. Qc4 {[%clk 1:12:44]} Rhf8 {[%clk 0:31:23]}
20. Rfd1 {[%clk 1:09:53]} Ng4 {[%clk 0:29:09]} 21. Rxd8+ {[%clk 1:04:39]} Qxd8
{[%clk 0:28:58]} 22. Bxg4 {[%clk 1:04:08]} hxg4 {[%clk 0:29:22]} 23. a5 {[%clk
1:03:54]} Qd7 {[%clk 0:26:35]} 24. Bc5 {[%clk 0:54:49]} Bxc5 {[%clk 0:19:51]} 25.
Qxc5 {[%clk 0:55:16]} Re8 {[%clk 0:19:50]} 26. Kg2 {[%clk 0:50:26]} Qd4 {[%clk
0:18:49]} 27. Qxd4 {[%clk 0:50:25]} exd4 {[%clk 0:19:15]} 28. f3 {[%clk 0:50:52]}
f5 {[%clk 0:11:26]} 29. fxg4 {[%clk 0:16:24]} fxg4 {[%clk 0:10:22]} 30. Rf1
{[%clk 0:14:27]} Rxe4 {[%clk 0:10:11]} 31. Rf8+ {[%clk 0:14:15]} Kc7 {[%clk
0:10:37]} 32. Kf2 {[%clk 0:14:18]} 1/2-1/2

[Event "Greek Team Cup Final 8"]
[Site "chess24.com"]
[Date "2018.07.09"]
[Round "3"]
[White "Saric, Ivan"]
[Black "Kapnisis, Spyridon"]
[Result "1/2-1/2"]
[Board "1"]
[WhiteTitle "GM"]
[WhiteElo "2689"]
[WhiteCountry "CRO"]
[WhiteFideId "14508150"]
[WhiteEloChange "-3"]
[BlackTitle "GM"]
[BlackElo "2456"]
[BlackCountry "GRE"]
[BlackFideId "4203445"]
[BlackEloChange "3"]

1. e4 {[%clk 1:28:05]} e5 {[%clk 1:30:41]} 2. Nf3 {[%clk 1:28:26]} Nc6 {[%clk
1:31:04]} 3. Bb5 {[%clk 1:28:52]} a6 {[%clk 1:29:49]} 4. Ba4 {[%clk 1:29:18]} Nf6
{[%clk 1:30:13]} 5. O-O {[%clk 1:29:43]} Nxe4 {[%clk 1:29:50]} 6. d4 {[%clk
1:30:06]} Be7 {[%clk 1:30:15]} 7. Re1 {[%clk 1:24:09]} b5 {[%clk 1:29:33]} 8.
Rxe4 {[%clk 1:19:24]} d5 {[%clk 1:27:43]} 9. Nxe5 {[%clk 1:19:47]} Nxe5 {[%clk
1:27:59]} 10. Rxe5 {[%clk 1:20:11]} bxa4 {[%clk 1:28:24]} 11. b3 {[%clk 1:13:41]}
Be6 {[%clk 1:25:51]} 12. Ba3 {[%clk 1:13:22]} Bxa3 {[%clk 1:25:24]} 13. Nxa3
{[%clk 1:13:48]} O-O {[%clk 1:07:31]} 14. Nb1 {[%clk 1:11:18]} Qd6 {[%clk
1:06:47]} 15. Nc3 {[%clk 1:10:37]} axb3 {[%clk 1:05:51]} 16. axb3 {[%clk
1:10:01]} c5 {[%clk 1:04:16]} 17. Re3 {[%clk 1:03:40]} Rfc8 {[%clk 0:44:28]} 18.
Rg3 {[%clk 0:56:50]} Rab8 {[%clk 0:29:30]} 19. dxc5 {[%clk 0:43:21]} Qxc5 {[%clk
0:29:17]} 20. h3 {[%clk 0:42:24]} g6 {[%clk 0:14:12]} 21. Rxa6 {[%clk 0:40:36]}
d4 {[%clk 0:13:31]} 22. Ne4 {[%clk 0:40:24]} Qe5 {[%clk 0:12:52]} 23. Ng5 {[%clk
0:38:51]} d3 {[%clk 0:08:19]} 24. Qxd3 {[%clk 0:38:12]} Bf5 {[%clk 0:08:02]} 25.
Qf3 {[%clk 0:19:37]} f6 {[%clk 0:06:40]} 26. Nxh7 {[%clk 0:18:56]} Kxh7 {[%clk
0:07:03]} 27. Ra7+ {[%clk 0:18:43]} Rc7 {[%clk 0:05:08]} 28. Qe3 {[%clk 0:17:52]}
Rc8 {[%clk 0:04:23]} 29. Qxe5 {[%clk 0:17:44]} fxe5 {[%clk 0:04:51]} 30. Rxc7+
{[%clk 0:18:09]} Rxc7 {[%clk 0:05:17]} 31. Re3 {[%clk 0:12:41]} Bxc2 {[%clk
0:04:58]} 32. Rxe5 {[%clk 0:13:08]} Bxb3 {[%clk 0:05:21]} 33. Kh2 {[%clk
0:12:58]} Kg7 {[%clk 0:05:40]} 34. Re3 {[%clk 0:12:25]} Bf7 {[%clk 0:06:00]} 35.
Kg3 {[%clk 0:12:28]} Rc4 {[%clk 0:06:16]} 36. Ra3 {[%clk 0:11:14]} Kf6 {[%clk
0:06:32]} 37. Ra6+ {[%clk 0:10:55]} Be6 {[%clk 0:06:53]} 38. Ra3 {[%clk 0:10:35]}
Bd5 {[%clk 0:07:04]} 39. Ra6+ {[%clk 0:10:55]} Bc6 {[%clk 0:07:26]} 40. Ra3
{[%clk 0:40:38]} Kf5 {[%clk 0:37:33]} 41. Ra5+ {[%clk 0:41:00]} Kf6 {[%clk
0:37:43]} 42. Ra3 {[%clk 0:41:25]} Rc5 {[%clk 0:37:35]} 43. f3 {[%clk 0:38:33]}
Rc2 {[%clk 0:36:12]} 1/2-1/2

[Event "Greek Team Cup Final 8"]
[Site "chess24.com"]
[Date "2018.07.09"]
[Round "3"]
[White "Safarli, Eltaj"]
[Black "Pavlidis, Antonios"]
[Result "1-0"]
[Board "2"]
[WhiteTitle "GM"]
[WhiteElo "2667"]
[WhiteCountry "AZE"]
[WhiteFideId "13402129"]
[WhiteEloChange "4"]
[BlackTitle "GM"]
[BlackElo "2564"]
[BlackCountry "GRE"]
[BlackFideId "4212312"]
[BlackEloChange "-4"]

1. e4 {[%clk 1:30:50]} c5 {[%clk 1:30:54]} 2. Nf3 {[%clk 1:31:14]} e6 {[%clk
1:31:19]} 3. d4 {[%clk 1:31:40]} cxd4 {[%clk 1:31:44]} 4. Nxd4 {[%clk 1:32:03]}
Nc6 {[%clk 1:32:08]} 5. Nc3 {[%clk 1:32:26]} Qc7 {[%clk 1:32:31]} 6. Be3 {[%clk
1:32:51]} a6 {[%clk 1:32:43]} 7. Qf3 {[%clk 1:33:16]} Nf6 {[%clk 1:22:34]} 8.
O-O-O {[%clk 1:33:28]} h5 {[%clk 1:20:15]} 9. Nxc6 {[%clk 1:33:44]} dxc6 {[%clk
1:18:02]} 10. Na4 {[%clk 1:34:02]} c5 {[%clk 1:06:00]} 11. Qg3 {[%clk 1:34:18]}
Qxg3 {[%clk 1:04:57]} 12. hxg3 {[%clk 1:34:42]} Bd7 {[%clk 0:45:33]} 13. Nxc5
{[%clk 1:24:07]} Bxc5 {[%clk 0:45:47]} 14. Bxc5 {[%clk 1:24:35]} Nxe4 {[%clk
0:45:25]} 15. Bd4 {[%clk 1:24:58]} Bc6 {[%clk 0:38:53]} 16. Be2 {[%clk 1:21:12]}
e5 {[%clk 0:37:53]} 17. Be3 {[%clk 1:11:46]} Nf6 {[%clk 0:38:11]} 18. g4 {[%clk
1:09:34]} h4 {[%clk 0:27:52]} 19. f3 {[%clk 0:29:59]} Nd5 {[%clk 0:27:50]} 20.
Bg5 {[%clk 0:29:50]} Nf4 {[%clk 0:26:29]} 21. Bxf4 {[%clk 0:28:33]} exf4 {[%clk
0:26:54]} 22. Bc4 {[%clk 0:28:29]} Kf8 {[%clk 0:17:37]} 23. g5 {[%clk 0:27:24]}
Rh5 {[%clk 0:06:13]} 24. Rd4 {[%clk 0:26:51]} b5 {[%clk 0:06:40]} 25. Bb3 {[%clk
0:26:54]} Rxg5 {[%clk 0:06:42]} 26. Rxf4 {[%clk 0:26:47]} Bd5 {[%clk 0:00:40]}
27. Rfxh4 {[%clk 0:24:55]} Ra7 {[%clk 0:01:08]} 28. Re1 {[%clk 0:21:23]} Be6
{[%clk 0:01:36]} 29. g4 {[%clk 0:19:43]} Rc5 {[%clk 0:00:58]} 30. Bxe6 {[%clk
0:19:38]} fxe6 {[%clk 0:01:26]} 31. Rxe6 {[%clk 0:20:05]} Rac7 {[%clk 0:01:54]}
32. Rh2 {[%clk 0:20:23]} a5 {[%clk 0:02:21]} 33. Rhe2 {[%clk 0:20:44]} g5 {[%clk
0:02:04]} 34. R6e5 {[%clk 0:20:30]} Kf7 {[%clk 0:02:32]} 35. Rxc5 {[%clk
0:19:30]} Rxc5 {[%clk 0:02:59]} 36. Re3 {[%clk 0:19:55]} 1-0